<?xml version="1.0" encoding="UTF-8"?><?xml-stylesheet type="text/xsl" href="static/style.xsl"?><OAI-PMH xmlns="http://www.openarchives.org/OAI/2.0/" xmlns:xsi="http://www.w3.org/2001/XMLSchema-instance" xsi:schemaLocation="http://www.openarchives.org/OAI/2.0/ http://www.openarchives.org/OAI/2.0/OAI-PMH.xsd"><responseDate>2026-04-13T04:07:53Z</responseDate><request verb="GetRecord" identifier="oai:www.recercat.cat:2117/77566" metadataPrefix="marc">https://recercat.cat/oai/request</request><GetRecord><record><header><identifier>oai:recercat.cat:2117/77566</identifier><datestamp>2025-07-23T07:03:17Z</datestamp><setSpec>com_2072_1033</setSpec><setSpec>col_2072_452951</setSpec></header><metadata><record xmlns="http://www.loc.gov/MARC21/slim" xmlns:dcterms="http://purl.org/dc/terms/" xmlns:xsi="http://www.w3.org/2001/XMLSchema-instance" xmlns:doc="http://www.lyncode.com/xoai" xsi:schemaLocation="http://www.loc.gov/MARC21/slim http://www.loc.gov/standards/marcxml/schema/MARC21slim.xsd">
   <leader>00925njm 22002777a 4500</leader>
   <datafield ind2=" " ind1=" " tag="042">
      <subfield code="a">dc</subfield>
   </datafield>
   <datafield ind2=" " ind1=" " tag="720">
      <subfield code="a">Sánchez Salido, José Luis</subfield>
      <subfield code="e">author</subfield>
   </datafield>
   <datafield ind2=" " ind1=" " tag="720">
      <subfield code="a">Hernández Lledó, Enric</subfield>
      <subfield code="e">author</subfield>
   </datafield>
   <datafield ind2=" " ind1=" " tag="260">
      <subfield code="c">2015-04</subfield>
   </datafield>
   <datafield ind2=" " ind1=" " tag="520">
      <subfield code="a">El presente proyecto consiste en la elaboración de un plan de negocio de una consultoría de mejora continua, cuya actividad se basa en ofrecer servicios para optimizar las PYMEs.&#xd;
En este proyecto se analiza la oportunidad de negocio y se trazan las estrategias y planes necesarios para el desarrollo de la actividad durante los primeros cinco años de funcionamiento.&#xd;
En primer lugar, se presenta la idea de negocio, sus ventajas competitivas, la misión, visión, valores corporativos y la forma jurídica de la empresa.&#xd;
En segundo lugar, se analiza el entorno de la empresa, poniendo especial interés en las empresas competidoras.&#xd;
En tercer lugar, se presentan conclusiones extraídas de los estudios cualitativos y cuantitativos del mercado, las cuales se utilizan como base fundamental para el posicionamiento de la empresa y la elaboración del marketing mix.&#xd;
Una vez acotado el negocio y definidos los servicios a ofrecer, se establecen los procesos necesarios para llevar a cabo la actividad, así como también el plan de puesta en marcha.&#xd;
Seguidamente se presenta el organigrama de la empresa, los distintos puestos de trabajo y la política salarial.&#xd;
Finalmente, se analiza la viabilidad económica – financiera de la empresa.&#xd;
El proyecto concluye asegurando que hay suficientes razones para creer que la idea de negocio planteada puede tener éxito en el corto – medio plazo.</subfield>
   </datafield>
   <datafield tag="653" ind2=" " ind1=" ">
      <subfield code="a">Àrees temàtiques de la UPC::Economia i organització d'empreses</subfield>
   </datafield>
   <datafield tag="653" ind2=" " ind1=" ">
      <subfield code="a">New business enterprises</subfield>
   </datafield>
   <datafield tag="653" ind2=" " ind1=" ">
      <subfield code="a">Business planning</subfield>
   </datafield>
   <datafield tag="653" ind2=" " ind1=" ">
      <subfield code="a">Feasibility studies</subfield>
   </datafield>
   <datafield tag="653" ind2=" " ind1=" ">
      <subfield code="a">Market surveys</subfield>
   </datafield>
   <datafield tag="653" ind2=" " ind1=" ">
      <subfield code="a">Empreses -- Creació</subfield>
   </datafield>
   <datafield tag="653" ind2=" " ind1=" ">
      <subfield code="a">Empreses -- Planificació</subfield>
   </datafield>
   <datafield tag="653" ind2=" " ind1=" ">
      <subfield code="a">Estudis de viabilitat</subfield>
   </datafield>
   <datafield tag="653" ind2=" " ind1=" ">
      <subfield code="a">Mercat -- Anàlisi</subfield>
   </datafield>
   <datafield ind2="0" ind1="0" tag="245">
      <subfield code="a">Plan de viabilidad de una consultoría en Tarragona</subfield>
   </datafield>
</record></metadata></record></GetRecord></OAI-PMH>